000 00861 a2200205 4500
001 39120
005 20260407155649.0
008 260407a1986 arg spa d
003 AR-UNSa-BCEJYS
040 _aAR-UNSa-BCEJYS
_bspa
_cAR-UNSa-BCEJYS
080 _a658.8
_xOrganización de mercados. Marketing. Ventas. Distribución
245 1 0 _aMarketing estrategico
020 _a950-9109-38-X
264 1 _aBuenos Aires :
_bTesis
_c1986
300 _a334 p.
_c23 cm.
505 _aParte I: Conceptos clave : 1. Demada - 2. Mercados - 3. Negocio - 4. Marketing estratégico - Parte II: Fundamentos teóricos : 5. Modelos de decisión del consumidor - 6. El universo simbólico - 7. La naturaleza psicológica - 8. El fenómeno del consumo - Parte III: Conclusiones
942 _cBK
590 _aniveau_biblio:m niveau_hierar:0
100 1 _aWilensky, Alberto L.
999 _c2951
_d2951